000 01107nam a22002177a 4500
999 _c59356
_d59356
003 Ge_BSU
005 20230130113000.0
008 230130s2004 ge ||||| |||| 00| 0 geo d
020 _a9997587X
041 _ageo
080 _a343.712.2 კ-44
100 _aკვარაცხელია, რამაზ
_916817
245 _aყაჩაღობასთან ბრძოლის სისხლისსამართლებრივი და კრიმინოლოგიური ასპექტები /
_cრამაზ კვარაცხელია ; რედაქტორი ზურაბ ზუხბაია.
264 _aქუთაისი :
_bინტერდიზაინი,
_c2004.
300 _a143 გვ. ;
_b20 სმ.
504 _aბიბლიოგრაფია ტექსტის შენიშვნებში და გვ. 138-140.
653 _aყაჩაღობა
653 _aსამართალი
700 _aზუხბაია, ზურაბ
_eრედაქტორი.
_916818
942 _2udc
_cBK